[Event "Sant Adria de Besos op 13th"]
[Site "Sant Adria de Besos"]
[Date "2017.06.18"]
[Round "9"]
[White "Gabaldon Castillo, Miquel Angel"]
[Black "Costa Trave, Jaume"]
[Result "0-1"]
[WhiteElo "1963"]
[BlackElo "2099"]
[PlyCount "92"]
[EventDate "2017.04.23"]
[EventType "swiss"]
[EventRounds "9"]
[EventCountry "ESP"]
[SourceTitle "EXT 2018"]
[Source "ChessBase"]
[SourceDate "2017.10.13"]
[SourceVersion "1"]
[SourceVersionDate "2017.10.13"]
[SourceQuality "1"]

1. e4 e6 2. d4 d5 3. exd5 exd5 4. Nf3 Bd6 5. Bd3 Nf6 6. 0-0 0-0 7. Bg5 Bg4 8. Nbd2 Nbd7 9. c3 h6 10. Bh4 Bf4 11. Qc2 c6 12. Rfe1 Qc7 13. Bg3 Rfe8 14. Nh4 Nf8 15. Nf1 g6 16. Ne3 Kg7 17. Nxg4 Nxg4 18. Nf3 Ne6 19. Ne5 Nxe5 20. dxe5 Bxg3 21. hxg3 Nc5 22. f4 Rad8 23. Kh2 Qd7 24. Rad1 Nxd3 25. Qxd3 Qg4 26. Qf3 h5 27. Rh1 Qf5 28. Qd3 Qxd3 29. Rxd3 f6 30. exf6+ Kxf6 31. Rhd1 Re2 32. R3d2 Rde8 33. b3 Kf5 34. Kh3 Rxd2 35. Rxd2 Re1 36. Kh2 Ke4 37. Rd4+ Ke3 38. f5 gxf5 39. Rf4 Kd3 40. Rxf5 Kxc3 41. Rxh5 b6 42. Rh7 d4 43. Rh4 Re6 44. Kg1 b5 45. Rh5 d3 46. Rc5+ Kd4 0-1